000 00658nam a2200169 a 4500
001 000016335
005 20200929164358.0
008 100303s1981 dr a r 000 0 spa d
040 _aDO-SdBNP
_bspa
_cBNPHU
082 _axxxx
_bM524i
100 1 _aMella, Mariano A.
_936443
245 1 0 _aInstituciones no lucrativas :
_badministración, contabilidad por fondos y control interno /
_cMariano A. Mella ; prólogo Enrique A. Fernández P.
260 _aSanto Domingo :
_bSolidario,
_c1981.
300 _a227 p. :
_bil. ;
_c23 cm.
500 _aIncluye datos biográficos del autor en la solapa de la cubierta
700 1 _aFernández P. , Enrique A.,
_epról.
_936444
999 _c15870
_d15870